Normal view
MARC view
- Guzzella, L
Entry Personal Name
001 - CONTROL NUMBER
- control field: 115768
003 - CONTROL NUMBER IDENTIFIER
- control field: NUST
005 - DATE AND TIME OF LATEST TRANSACTION
- control field: 20230912165528.0
008 - FIXED-LENGTH DATA ELEMENTS
- fixed length control field: 230912|| aca||aabn | a|a d
040 ## - CATALOGING SOURCE
- Original cataloging agency: NUST
- Transcribing agency: NUST
100 ## - HEADING--PERSONAL NAME
- Personal name: Guzzella, L
670 ## - SOURCE DATA FOUND
- Source citation: Work cat.: (NUST): Guzzella, L., Introduction to modeling and control of internal combustion engine systems /, 2010
